00356 a2200097 4500001001000000005001700010008004100027245005700068100002900125773010400154ART_3967220260410162012.0260409a 10aCIADI, supremacía constitucional y "hacerse cargo"1 aBottini Bulit, Alejandro0 tPropuestas para la sociedad, el gobierno y la produccióng- Año 9, Nº 13 (mayo 2006)wREV39547